The Bookshelf for boys and girls / (Record no. 136658)

MARC details
000 -LEADER
fixed length control field 00696nam a2200217 4500
010 ## - LIBRARY OF CONGRESS CONTROL NUMBER
LC control number 077803
035 ## - SYSTEM CONTROL NUMBER
System control number 077803
037 ## - SOURCE OF ACQUISITION
Source of stock number/acquisition Cen Lib / Ret
040 ## - CATALOGING SOURCE
Original cataloging agency DPL
Language of cataloging EN
082 ## - DEWEY DECIMAL CLASSIFICATION NUMBER
Classification number 082
Item number UNI
110 ## - MAIN ENTRY--CORPORATE NAME
Subordinate unit University Society, New York.
245 ## - TITLE STATEMENT
Title The Bookshelf for boys and girls /
Statement of responsibility, etc by University Society, New York.
260 ## - PUBLICATION, DISTRIBUTION, ETC. (IMPRINT)
Place of publication, distribution, etc New York
Name of publisher, distributor, etc University Society
Date of publication, distribution, etc 1970
270 ## - ADDRESS
Address University Society
City New York
300 ## - PHYSICAL DESCRIPTION
Extent (v 1. 368)
Other physical details 24cm(Hb)
505 ## - FORMATTED CONTENTS NOTE
Formatted contents note v 1. Fun and thought for little folk
650 ## - SUBJECT ADDED ENTRY--TOPICAL TERM
Topical term or geographic name as entry element Children's literature.
650 ## - SUBJECT ADDED ENTRY--TOPICAL TERM
Topical term or geographic name as entry element Children's encyclopedias and dictionaries.
650 ## - SUBJECT ADDED ENTRY--TOPICAL TERM
Topical term or geographic name as entry element Literature -- Collections.
942 ## - ADDED ENTRY ELEMENTS (KOHA)
Source of classification or shelving scheme Dewey Decimal Classification
Koha item type English Books
Classification part 082
Call number suffix UNI
Holdings
Withdrawn status Lost status Source of classification or shelving scheme Materials specified (bound volume or other part) Damaged status Not for loan Home library Current library Date acquired Total Checkouts Full call number Barcode Date last seen Copy number Price effective from Koha item type
    Dewey Decimal Classification v 1     Central Library Central Library 07/03/2016   082 UNI 077803 07/03/2016 1 07/03/2016 English Books

© Delhi Public Library
Hit Counter
free hit counter